Príspevok k metodike profylaktickej diagnostiky vysokonapäťovej izolácie elektrických strojov točivých : Habil.práca : Obh. 15.03.1991 /

Salvato in:
Dettagli Bibliografici
Autore principale: Šandrik, Pavol, 1938- (Autore)
Natura: Manoscritto Libro
Pubblicazione: Bratislava : SVŠT v Bratislave EF, 1991
Tags: Aggiungi Tag
Nessun Tag, puoi essere il primo ad aggiungerne!!

MARC

LEADER 00000ntm a22000003a 4500
001 stu7306
005 20150617225809.5
008 ------s1991----------------------------d
040 |a STU  |b slo 
041 0
100 1 |a Šandrik, Pavol,  |d 1938-  |4 aut  |u E130  |U FEI Fakulta elektrotechniky a informatiky  |T FEI Katedra elektroenergetiky  |X 4259  |U E130  |Y 59  |7 A000004259 
245 1 |a Príspevok k metodike profylaktickej diagnostiky vysokonapäťovej izolácie elektrických strojov točivých :  |b Habil.práca : Obh. 15.03.1991 /  |c [aut.] Šandrik,Pavol, Ing. CSc 
260 |a Bratislava :  |b SVŠT v Bratislave EF,  |c 1991 
300 |a 125 s 
996 |b 284ED00784  |c E*HABIL-101  |l EE01  |s A  |a 24  |w stu7306_0001